| 000 | 00604nam a2200193Ia 4500 | ||
|---|---|---|---|
| 005 | 20250725155710.0 | ||
| 008 | 008 250516s9999 xx 000 0 hin d | ||
| 020 | _a9789392356247 | ||
| 040 |
_beng _cSDCL |
||
| 041 |
_ahin _2hin |
||
| 084 | _aO152,1M42:g R3 | ||
| 100 | _aPoonam | ||
| 245 | 0 |
_aPandit Bastiram Ka Sahitya : _bSamvedana Aur Shilp |
|
| 246 |
_aपंडित बस्तीराम का साहित्य _bसंवेदना और शिल्प |
||
| 260 |
_aNew Delhi: _bSamkaleen Prakashan, _c2023. |
||
| 300 | _a272p. | ||
| 650 | _aHindi | ||
| 942 |
_cTEXL _2CC |
||
| 999 |
_c1430396 _d1430396 |
||